الله فى العقيدة الإسلامية/ (Record no. 15837)
[ view plain ]
| 000 -الفاتح | |
|---|---|
| حقل البيانات ثابتة الطول | 00601nam a22001697a 4500 |
| 008 - عناصر البيانات ثابتة الطول - معلومات عامة | |
| حقل البيانات ثابتة الطول | 110815t1979 xxu||||g |||| 000 0 ara d |
| 020 ## - الرقم الدولى المعيارى للكتب | |
| الرقم الدولى المعيارى للكتاب | 9772010275 |
| 082 ## - رقم تصنيف ديوى العشرى | |
| رقم الطبعة | 22 |
| رقم التصنيف | 297.211 |
| رقم المادة | ب ه ج |
| 100 ## - المدخل الرئيسى - إسم شخصى | |
| 9 (RLIN) | 26716 |
| الإسم الشخصى | بهجت،أحمد |
| 245 ## - بيان العنوان | |
| العنوان | الله فى العقيدة الإسلامية/ |
| بيان المسئوليه,etc | احمد بهجت |
| 300 ## - الوصف المادى | |
| التعداد | 309ص، |
| أبعاد الوعاء | 24.سم |
| 650 ## - المدخل الاضافى بالموضوع-مصطلح موضوعى | |
| 9 (RLIN) | 26717 |
| مصطلح موضوعي أو اسم جغرافي كعنصر مدخل | الله |
| 650 ## - المدخل الاضافى بالموضوع-مصطلح موضوعى | |
| 9 (RLIN) | 17224 |
| مصطلح موضوعي أو اسم جغرافي كعنصر مدخل | الألوهية |
| 653 ## - مصطلح تكشيفى غير مقيد | |
| Resource For college | |
| Arrived date list | August2011 |
| 942 ## - عناصر المدخل الإضافي( كوها) | |
| مصدر التصنيف او مخطط الترفيف | Dewey Decimal Classification |
| Koha [default] item type | Book - Borrowing |
| حالة التراجع | حالة الفقد | مصدر التصنيف او خطة الترفيف | حالة تلف | ليس للاعارة | المكان الدائم | المكان الحالي | موقع الترفيف | تاريخ الاكتساب | Source of acquisition | رقم الاستدعاء | الباركود | Date last seen | نوع الوعاء |
|---|---|---|---|---|---|---|---|---|---|---|---|---|---|
| Dewey Decimal Classification | Central Library | Central Library | Lower Floor | 15/08/2011 | Purchase | 297.211 ب ه ج | 000023495 | 15/07/2025 | Book - Borrowing |